000
00310nam a22001337a 4500
020
_q
PB.
040
_c
FIZZA ISHAQ
082
_a
624
_b
CLA
100
_a
BARRETT,CLAIOC.
_9
89082
245
_a
SPOTTER,S GUIDE TO URBAN /
_c
CLAIRE BARRETT.
260
_a
AUSTRALIA
_c
2011
300
_a
224 P. ;
942
_2
ddc
_c
BK
999
_c
587922
_d
587922